| 000 | 01176nam a2200325 a 4500 | ||
|---|---|---|---|
| 001 | 000110968 | ||
| 003 | CHAP | ||
| 005 | 20220329144152.0 | ||
| 008 | 141031s2014 mx a fsm |||||||spa d | ||
| 010 | _a107430 | ||
| 011 | _a108402 | ||
| 040 | _cCHAP | ||
| 090 | _aTesis | ||
| 100 | 1 |
_aCruz López, Juan Manuel _9128741 |
|
| 245 | 1 | 0 |
_aValor nutritivo del pasto yacaré (Brachiaria híbrido) a diferente edad de rebrote _h[En línea] _cpor Juan Manuel Cruz López. |
| 260 |
_aChapingo, Méx. : _bEl autor, _c2014. |
||
| 500 | _aPara ver el contenido del material haga clic en la liga | ||
| 502 | _aTesis (Ing. Agr. Esp. en Zootecnia) -- UACH. Departamento de Zootecnia | ||
| 590 |
_aE11695DGD _b10 _c20141103 _lUCH01 _h1028 |
||
| 590 |
_aE5995AHE _b05 _c20141031 _lUCH01 _h1136 |
||
| 590 |
_aE5995AHE _b05 _c20141031 _lUCH01 _h1137 |
||
| 590 |
_aE5995AHE _b05 _c20141103 _lUCH01 _h0829 |
||
| 650 | 1 | 4 |
_aAlimentos y alimentación del ganado _xDigestibilidad. _94333 |
| 650 | 1 | 4 |
_aBrachiaria. _914919 |
| 650 | 1 | 4 |
_aPastos _xProteínas en. _986071 |
| 856 |
_aFinding aid _uhttp://10.13.5.2/tesis/sist110968.pdf _zTeclea aquí |
||
| 901 | _aBK | ||
| 942 | _cTESIS | ||
| 942 | _n0 | ||
| 999 |
_c107430 _d107430 |
||